00818 a2200217 4500999001500000010001400015020002300029035001300052037001500065082001000080245009900090260005200189270008100241300002700322500005000349700001900399700001900418700002300437942002900460952011100489 c8134d8134 aENG-88326 c900.00a8182202019 aEN-71859 bDBAD / PUB14a305.41 aUnderstanding women behaviour/cedited by Amrita Yadava, Sushma Sharma [and] Nov Rattan Sharma aNew DelhibGlobal Vision Publishing Housec2007 aF-4, 1st Floor, `Hari Sadan' 20, Ansari Road, Daryaganj,bNew Delhie110 002 axxvi, 430p.c22cm (Hb) aIncludes bibliographical references and index aYadava, Amrita aSharma, Sushma aSharma, Nov Rattan adplcEN2ddch305.4mUND 001040718NFICaDBADbDBADeDBAD/PUBg900.00l0o305.4 UNDpEN-71859r2008-09-15 00:00:00t1v900.00yEN